|
|
|
|
| LEADER |
00000nam a22000007a 4500 |
| 005 |
20220620154415.0 |
| 007 |
cr|||| |||| |
| 008 |
220620s2021 ea |||||s|||| 00||0 spa d |
| 020 |
|
|
|a 978-84-1377-318-6
|
| 035 |
|
|
|a 35762
|
| 040 |
|
|
|a vLex
|
| 090 |
|
|
|c 13429
|d 13429
|
| 100 |
1 |
|
|a Martn̕ Lp̤ez, Miguel ℓngel
|
| 245 |
1 |
0 |
|a Ampliando el contenido del derecho internacional
|h [Recurso electrn̤ico] :
|b el rescate de la esencia del derecho de gentes /
|c Miguel ℓngel Martn̕ Lp̤ez
|
| 256 |
|
|
|a Servicio en ln̕ea
|
| 260 |
|
|
|a Madrid:
|b Dykinson,
|c 2021
|
| 300 |
|
|
|a 1 recurso electrn̤ico
|
| 500 |
|
|
|a El třmino derecho de gentes apenas se utiliza ya en la prc̀tica actual, pero, como es conocido, fue el tradicional para denominar a lo que de manera contemporǹea conocemos como derecho internacional. Sin embargo, languideci ̤cuando este l︢timo qued ̤encumbrado y alcanz ̤ser dominante, lo que ocurri ̤durante el siglo XIX. En general, la opinin̤ preponderante siempre ha venido considerando que este cambio terminolg̤ico fue puramente nominal, sin que tuviera ninguna implicacin̤ jurd̕ica efectiva. La continuidad histr̤ica sigui ̤sin que hubiera ruptura alguna. No obstante, esta visin̤ merece, cuanto menos, ser objeto de amplia revisin̤ y, as,̕ es de interš ahondar en los props̤itos, ver los detalles y atisbar las repercusiones de dicho cambio, bien sean directas o indirectas. En suma, este ser ̀el hilo conductor que vamos a seguir a lo largo del presente trabajo. Fundamentalmente, ello, adems̀, lo haremos con la finalidad principal de identificar cul̀es son los m̀bitos que pudieran ser rescatados para guiar o, mejor dicho, reorientar este ordenamiento jurd̕ico en aras de que consiga servir mejor a la humanidad en su conjunto.
|
| 506 |
1 |
|
|a Disponible solo en los productos indicados
|d vLex Global
|d vLex Global (Academic Edition, excluding Law Schools)
|d vLex Global (U.S. Academic Edition, Law Schools)
|d vLex Global (U.S. Academic Edition, excluding Law Schools)
|d vLex Global (Academic Edition, Law Schools)
|
| 650 |
0 |
4 |
|a Derecho Internacional
|z Espaą
|
| 740 |
0 |
|
|a vLex Libros (Servicio en ln̕ea)
|
| 856 |
4 |
0 |
|u https://app.vlex.com/#/sources/35762
|z Acceso restringido
|
| 942 |
|
|
|c BOOK
|
| 999 |
0 |
|
|a International right
|